Eesti murded ja kohanimed

Titel: Eesti murded ja kohanimed / Karl Pajusalu, Tiit Hennoste, Ellen Niit ... [jt.] ; toimetaja Tiit Hennoste ; [murdetranskriptsiooni toimetamine: Mari-Liis Kalvik, kaartide toimetamine: Tiit Hennoste, Juhan Oskar Hennoste ; kujundus, kaas: Roosmarii Kurvits, Tiit Hennoste]
Verfasser: ; ; ; ;
Beteiligt:
Ausgabe: 3., kohendatud ja täiendatud trükk
Veröffentlicht: Tartu : EKSA, 2020
Umfang: 334 Seiten : Illustrationen, Karten
Format: Buch
Sprache: Estnisch
Schlagworte:
ISBN: 9789949684274
Buchumschlag
X
alg: 47445276
001A    $03004:10-01-21 
001B    $01999:13-12-24 $t22:44:46.000 
001D    $03004:25-02-21 
001U    $0utf8 
001X    $00 
002@    $0Aau 
002C    $aText $btxt $2rdacontent 
002D    $aohne Hilfsmittel zu benutzen $bn $2rdamedia 
002E    $aBand $bnc $2rdacarrier 
003@    $047445276X 
004A    $A978-9949-684-27-4 
007A    $047445276X $aHEB 
007G    $0DE02010B2B75DB9D96B55C12586AF0040A3B4 
009P    $qapplication/pdf $A2 $3Inhaltsverzeichnis $uhttp://scans.hebis.de/HEBCGI/show.pl?47445276_toc.pdf $mV:DE-603;B:DE-Mb50 
010@    $aest 
010E    $erda 
011@    $a2020 
013D    $RFachbuch $RSchulbuch $#College textbooks $#Lehrbuch $#Lehrbuch $#Kompendium Lehrbuch $74123623-3 $8Lehrbuch [Tsz] $908540926X 
021A    $aEesti murded ja kohanimed $hKarl Pajusalu, Tiit Hennoste, Ellen Niit ... [jt.] ; toimetaja Tiit Hennoste ; [murdetranskriptsiooni toimetamine: Mari-Liis Kalvik, kaartide toimetamine: Tiit Hennoste, Juhan Oskar Hennoste ; kujundus, kaas: Roosmarii Kurvits, Tiit Hennoste] 
028A    $BVerfasser $4aut $7156893444 $8Pajusalu, Karl$Z1963- [Tp3] $9303723793 
028C    $BVerfasser $4aut $4Herausgeber $4edt $7119316012X $8Hennoste, Tiit$Z1953- [Tp1] $9452276632 
028C    $BVerfasser $4aut $71113613130 $8Niit, Ellen$Z1944- [Tp1] $9386926824 
028C    $BHerausgeber $4edt $7 $8Kalvik, Mari-Liis [Tnu] $9345634950 
028C    $BVerfasser $4aut $71264146671 $8Päll, Peeter$Z1961- [Tp3] $9497752093 
028C    $BVerfasser $#Viikberg, Iurii Iuliusovich $#Vijkberg, Juri $#Vijkberg, Jurij $#Vijkberg, Jurij Juliusovič $4aut $71053272081 $8Viikberg, Jüri$Z1953- [Tp3] $9342909118 
032@    $a3., kohendatud ja täiendatud trükk 
033A    $pTartu $nEKSA 
034D    $a334 Seiten 
034M    $aIllustrationen, Karten 
037A    $aLiteraturverzeichnis Seite 310-334 
044K    $RGouvernement Estland $REstnische Sozialistische Sowjetrepublik $#Estland $#Estland $#Estland $#Estland (vor 1940) $#Republik Estland $#Estnische Republik $#Eesti $#Eesti Vabariik $#EV $#Estonia $#Republic of Estonia $#Estonie $#Ėstonskaja Respublika $74015587-0 $8Estland [Tg1] $9085035777 
044K    $#Dialekt $74132678-7 $8Dialekt$gVerhaltensforschung [Ts1] $9085478482 
044K    $RGeografischer Name $#Toponymy $#Toponymie $#Ortsname $#Historischer Ortsname $#Siedlungsname $#Toponym $#Toponymikon $#Ortsnamen $74043950-1 $8Ortsname [Ts1] $9085122882 
044K    $RNamenkunde $RFlurnamenforschung $#Toponymy $#Toponymie $#Toponimia $#Toponymie $#Toponomastik $#Ortsnamenforschung $#Historische Ortsnamenforschung $#Ortsname Forschung $#Ortsname Namenkunde $74172891-9 $8Ortsnamenkunde [Ts1] $9085800619 
044K    $RPhilologie $#Linguistics $#Linguistique $#Linguistica $#Lingüística $#Linguistics $#Linguistik $#Linguistik $#Sprachwissenschaft $#Allgemeine Sprachwissenschaft $#Allgemeine Linguistik $#Sprachwissenschaft $#Sprachforschung $74074250-7 $8Linguistik [Ts1] $9085209007 
045F    $a400 $eDDC23BSB 
045F/01 $a400 
045F/03 $f0904 
045F/03 $g4798 

lok: 47445276 24

exp: 47445276 24 1 #EPN
201B/01 $025-02-21 $t14:44:53.000 
201C/01 $010-01-21 
201U/01 $0utf8 
203@/01 $01136099069 
208@/01 $a25-02-21 $bz 
209A/01 $a21.00800 $du $f050 $h21 00800 $x00 
209C/01 $a21.00800 K $h21 00800 K 
209G/01 $a74274471 $x00 
220C/01 $akoe 
247C/01 $8358050-7 Marburg, Bibliothek des Herder-Instituts Marburg $9102600961 

lok: 47445276 78

exp: 47445276 78 1 #EPN
201B/01 $021-10-25 $t11:18:30.000 
201C/01 $021-10-25 
201U/01 $0utf8 
203@/01 $01320313744 
208@/01 $a21-10-25 $be 
209A/01 $a/ $f000 $x00 
209A/01 $ab*p $x01 
220C/01 $apgar 
247C/01 $82080>Marburg/Lahn, Herder-Institut, Forschungsbibliothek, Bibliographieportal $9336309341
LEADER 00000cam a2200000 c 4500
001 47445276X
003 DE-603
005 20241213224446.0
007 tu
008 210110s2020 xx |||| | u00||u|est c
020 |a 9789949684274 
035 |a (DE-599)HEB47445276X 
040 |a DE-603  |b ger  |c DE-603  |d DE-603  |e rda 
041 |a est 
082 0 4 |8 1\u  |a 400  |q DE-101  |2 23/BSB 
085 |8 1\u  |b 400 
085 |8 1\u  |z 1  |s 0904 
085 |8 1\u  |z 2  |s 4798 
100 1 |a Pajusalu, Karl  |d 1963-  |e Verfasser  |4 aut  |0 (DE-603)303723793  |0 (DE-588)156893444  |2 gnd 
245 0 0 |a Eesti murded ja kohanimed  |c Karl Pajusalu, Tiit Hennoste, Ellen Niit ... [jt.] ; toimetaja Tiit Hennoste ; [murdetranskriptsiooni toimetamine: Mari-Liis Kalvik, kaartide toimetamine: Tiit Hennoste, Juhan Oskar Hennoste ; kujundus, kaas: Roosmarii Kurvits, Tiit Hennoste] 
250 |a 3., kohendatud ja täiendatud trükk 
264 1 |a Tartu  |b EKSA  |c 2020 
300 |a 334 Seiten  |b Illustrationen, Karten 
336 |a Text  |b txt  |2 rdacontent 
337 |a ohne Hilfsmittel zu benutzen  |b n  |2 rdamedia 
338 |a Band  |b nc  |2 rdacarrier 
500 |a Literaturverzeichnis Seite 310-334 
650 7 |a Dialekt  |g Verhaltensforschung  |0 (DE-588)4132678-7  |0 (DE-603)085478482  |2 gnd 
650 7 |a Ortsname  |0 (DE-588)4043950-1  |0 (DE-603)085122882  |2 gnd 
650 7 |a Ortsnamenkunde  |0 (DE-588)4172891-9  |0 (DE-603)085800619  |2 gnd 
650 7 |a Linguistik  |0 (DE-588)4074250-7  |0 (DE-603)085209007  |2 gnd 
651 7 |a Estland  |0 (DE-588)4015587-0  |0 (DE-603)085035777  |2 gnd 
655 7 |a Lehrbuch  |2 gnd-content  |0 (DE-588)4123623-3  |0 (DE-603)08540926X 
700 1 |a Hennoste, Tiit  |d 1953-  |e Verfasser  |4 aut  |e Herausgeber  |4 edt  |0 (DE-603)452276632  |0 (DE-588)119316012X  |2 gnd 
700 1 |a Niit, Ellen  |d 1944-  |e Verfasser  |4 aut  |0 (DE-603)386926824  |0 (DE-588)1113613130  |2 gnd 
700 1 |a Kalvik, Mari-Liis  |e Herausgeber  |4 edt  |0 (DE-603)345634950 
700 1 |a Päll, Peeter  |d 1961-  |e Verfasser  |4 aut  |0 (DE-603)497752093  |0 (DE-588)1264146671  |2 gnd 
700 1 |a Viikberg, Jüri  |d 1953-  |e Verfasser  |4 aut  |0 (DE-603)342909118  |0 (DE-588)1053272081  |2 gnd 
856 4 2 |m V:DE-603;B:DE-Mb50  |q application/pdf  |u http://scans.hebis.de/HEBCGI/show.pl?47445276_toc.pdf  |3 Inhaltsverzeichnis 
924 0 |9 Mb 50  |a (DE-603)1136099069  |b DE-Mb50  |c HES  |d c  |g 21.00800 
924 0 |9 2080  |a (DE-603)1320313744  |b DE-2080  |c HES  |d d  |g /